[Event "Vignola Weekend-B 9th"]
[Site "Vignola"]
[Date "2010.11.12"]
[Round "1"]
[White "Landi, Andrea"]
[Black "Trenti, Matteo"]
[Result "0-1"]
[WhiteElo "1880"]
[BlackElo "1497"]
[PlyCount "96"]
[EventDate "2010.11.12"]
[EventType "swiss"]
[EventRounds "5"]
[EventCountry "ITA"]
[SourceTitle "EXT 2024"]
[Source "ChessBase"]
[SourceDate "2023.10.10"]
[SourceVersion "1"]
[SourceVersionDate "2023.10.10"]
[SourceQuality "1"]

1. d4 Nf6 2. e3 e6 3. Bd3 d5 4. Nf3 Nc6 5. Nc3 Be7 6. Bb5 Bd7 7. 0-0 0-0 8. a4 a6 9. Bd3 Nb4 10. Ng5 h6 11. f4 Nxd3 12. Qxd3 hxg5 13. fxg5 Nh7 14. e4 Bxg5 15. exd5 exd5 16. Nxd5 Bc6 17. Ne3 Re8 18. Nf5 Bxc1 19. Rfxc1 Qg5 20. Qf1 Bxg2 21. Qxg2 Qxf5 22. Rf1 Qg5 23. Rf2 Qxg2+ 24. Kxg2 Rad8 25. c3 b6 26. Kg3 Nf6 27. h4 Ne4+ 28. Kf3 Nxf2 29. Kxf2 Re4 30. h5 Rde8 31. Rh1 Re2+ 32. Kf3 Rxb2 33. h6 g6 34. h7+ Kg7 35. Kg4 Rh8 36. d5 Rd2 37. c4 Rxh7 38. Re1 f5+ 39. Kg3 Rh5 40. Kf4 Rd4+ 41. Ke5 Re4+ 42. Rxe4 fxe4+ 43. Kxe4 Rf5 44. a5 bxa5 45. c5 a4 46. c6 a3 47. d6 cxd6 48. c7 Rc5 0-1

[Event "ITA-ch sf"]
[Site "Saint Vincent"]
[Date "2008.07.23"]
[Round "5"]
[White "Frugoli, Francesco"]
[Black "Landi, Andrea"]
[Result "1-0"]
[WhiteElo "2163"]
[BlackElo "1837"]
[PlyCount "103"]
[EventDate "2008.07.19"]
[EventType "swiss"]
[EventRounds "9"]
[EventCountry "ITA"]
[SourceTitle "EXT 2009"]
[Source "ChessBase"]
[SourceDate "2008.11.26"]
[SourceVersion "1"]
[SourceVersionDate "2008.11.26"]
[SourceQuality "1"]

1. d4 d5 2. c4 c6 3. Nf3 Bf5 4. cxd5 cxd5 5. Nc3 e6 6. Bf4 Bd6 7. Qa4+ Nc6 8. Bxd6 Qxd6 9. e3 Nge7 10. Be2 0-0 11. 0-0 Qb4 12. Qxb4 Nxb4 13. Rfd1 Rac8 14. Nh4 g5 15. Nf3 f6 16. Rac1 a6 17. Ne1 Rfd8 18. a3 Nbc6 19. b4 Nb8 20. g4 Bg6 21. Na4 b5 22. Nc5 Bf7 23. Ned3 Rc6 24. Kf1 Nc8 25. Nb7 Rxc1 26. Rxc1 Rf8 27. Ndc5 Nb6 28. Ra1 e5 29. dxe5 fxe5 30. a4 Nc4 31. axb5 axb5 32. Bxc4 bxc4 33. Nd6 Nc6 34. b5 Nb4 35. b6 d4 36. exd4 exd4 37. b7 Bd5 38. Nd7 Bxb7 39. Nxf8 c3 40. Nxb7 d3 41. Nc5 Kxf8 42. Nxd3 Nxd3 43. Ke2 Ne5 44. h3 h5 45. gxh5 Kg7 46. Rc1 Kh6 47. Rxc3 Kxh5 48. Kf1 Kh4 49. Kg2 Ng6 50. Rc4+ Kh5 51. Kg3 Ne5 52. Rc5 1-0